The Environmental Assessment (Scotland) Amendment Regulations 1994 (Record no. 89298)

MARC details
000 -LEADER
fixed length control field 00936cad a2200241 4500
008 - FIXED-LENGTH DATA ELEMENTS--GENERAL INFORMATION
fixed length control field 100811s1994 xxk l f
020 ## - INTERNATIONAL STANDARD BOOK NUMBER
International Standard Book Number 0110450124
035 ## - SYSTEM CONTROL NUMBER
System control number (Sirsi) u28574
041 ## - LANGUAGE CODE
Language code of text/sound track or separate title eng
110 2# - MAIN ENTRY--CORPORATE NAME
Corporate name or jurisdiction name as entry element United Kingdom
Form subheading Laws, etc
9 (RLIN) 5044
245 04 - TITLE STATEMENT
Title The Environmental Assessment (Scotland) Amendment Regulations 1994
Medium [electronic resource]
260 ## - PUBLICATION, DISTRIBUTION, ETC.
Place of publication, distribution, etc. London
Name of publisher, distributor, etc. HMSO
Date of publication, distribution, etc. 1994
350 ## - PRICE (NR) (BK AM CF MU VM SE) [OBSOLETE]
Price 1.95
490 ## - SERIES STATEMENT
Series statement SI
Volume/sequential designation 1994:2012
520 ## - SUMMARY, ETC.
Summary, etc. Made 19 July 1994. Coming into force 19 August 1994. Amends SI 1988:1221.
650 ## - SUBJECT ADDED ENTRY--TOPICAL TERM
Topical term or geographic name entry element EUROPEAN COMMUNITIES ACT 1972 S2(2)
650 ## - SUBJECT ADDED ENTRY--TOPICAL TERM
Topical term or geographic name entry element TOWN AND COUNTRY PLANNING (SCOTLAND) ACY 1972 S26B
650 24 - SUBJECT ADDED ENTRY--TOPICAL TERM
Topical term or geographic name entry element ENVIRONMENTAL ASSESSMENT (SCOTLAND) AMENDMENT REGULATIONS 1994
690 ## - LOCAL SUBJECT ADDED ENTRY--TOPICAL TERM (OCLC, RLIN)
Topical term or geographic name as entry element Planning and development
9 (RLIN) 6259
856 40 - ELECTRONIC LOCATION AND ACCESS
Uniform Resource Identifier <a href="https://www.legislation.gov.uk/uksi/1994/2012/contents/made">https://www.legislation.gov.uk/uksi/1994/2012/contents/made</a>
Public note View the SI free of charge at www.legislation.gov.uk
942 ## - ADDED ENTRY ELEMENTS (KOHA)
Suppress in OPAC 0
948 ## - LOCAL PROCESSING INFORMATION (OCLC); SERIES PART DESIGNATOR (RLIN)
c (OCLC) 04/03/1997
Holdings
Withdrawn status Lost status Source of classification or shelving scheme Damaged status Not for loan Home library Current library Shelving location Date acquired Cost, normal purchase price Total Checkouts Full call number Barcode Date last seen Copy number Cost, replacement price Price effective from Koha item type
    Dewey Decimal Classification     Virtual Virtual Online 30/08/1994 1.95   ONLINE PUBLICATION 28574-3001 06/08/2019 1 1.95 06/08/2019 Book